Museo Picasso (Record no. 188078)
[ view plain ]
| 000 -LEADER | |
|---|---|
| campo de control de longitud fija | 00950nam a2200241 i 4500 |
| 001 - NÚMERO DE CONTROL | |
| campo de control | 188078 |
| 003 - IDENTIFICADOR DE NÚMERO DE CONTROL | |
| campo de control | SpMaBN |
| 005 - FECHA Y HORA DE LA ÚLTIMA TRANSACCIÓN | |
| campo de control | 20251012204619.0 |
| 008 - DATOS DE LONGITUD FIJA--INFORMACIÓN GENERAL | |
| campo de control de longitud fija | 180425s1997 sp a |||| | spa d |
| 020 ## - NÚMERO INTERNACIONAL ESTÁNDAR DEL LIBRO | |
| Número Internacional Estándar del Libro | 84-451-1249-X |
| 080 ## - NÚMERO DE LA CLASIFICACIÓN DECIMAL UNIVERSAL | |
| Número de la Clasificación Decimal Universal | 7 Picasso, Pablo:069.5(460.237 M.) |
| 110 2# - ENTRADA PRINCIPAL--NOMBRE DE ENTIDAD CORPORATIVA | |
| Nombre de entidad corporativa o nombre de jurisdicción como elemento de entrada | Museo Picasso, Colección Eugenio Arias. |
| 9 (RLIN) | 226216 |
| 245 10 - MENCIÓN DEL TÍTULO | |
| Título | Museo Picasso |
| Resto del título | : Colección Eugenio Arias : Buitrago de Lozoya, Madrid / |
| Mención de responsabilidad, etc. | [prólogo de Eugenio Arias Herranz]. |
| 246 34 - FORMA VARIANTE DEL TITULO | |
| Título propio/Titulo breve | Picasso |
| 260 ## - PUBLICACIÓN, DISTRIBUCIÓN, ETC. | |
| Lugar de publicación, distribución, etc. | [Madrid] : |
| Nombre del editor, distribuidor, etc. | Dirección General de Patrimonio Cultural, |
| Fecha de publicación, distribución, etc. | [1997] |
| 300 ## - DESCRIPCIÓN FÍSICA | |
| Extensión | 79 p. : |
| Otras características físicas | il. col. ; |
| Dimensiones | 22 cm. |
| 600 14 - PUNTO DE ACCESO ADICIONAL DE MATERIA--NOMBRE DE PERSONA | |
| Nombre de persona | Picasso, Pablo, |
| Fechas asociadas al nombre | 1881-1973 |
| 9 (RLIN) | 91794 |
| 610 27 - PUNTO DE ACCESO ADICIONAL DE MATERIA--NOMBRE DE ENTIDAD CORPORATIVA | |
| Nombre de entidad corporativa o nombre de jurisdicción como elemento de entrada | Museo Picasso, Colección Eugenio Arias. |
| 9 (RLIN) | 226216 |
| 700 1# - ENTRADA AGREGADA--NOMBRE PERSONAL | |
| Nombre de persona | Arias Herranz, Eugenio, |
| Fechas asociadas al nombre | 1909-2008 |
| 9 (RLIN) | 164679 |
| 710 1# - ENTRADA AGREGADA--NOMBRE DE ENTIDAD CORPORATIVA | |
| Nombre de entidad corporativa o nombre de jurisdicción como elemento de entrada | Madrid (Comunidad Autónoma). |
| Unidad subordinada | Dirección General de Patrimonio Cultural. |
| 9 (RLIN) | 5616 |
| 852 ## - LOCALIZACIÓN | |
| Ubicación | ES-MaACL |
| Número de control de estantería | L-31968 |
| Estatus retirado | Estado de pérdida | Estado de daño | No para préstamo | Biblioteca de origen | Biblioteca actual | Ubicación en estantería | Fecha de adquisición | Fuente de adquisición | Total de préstamos | Signatura topográfica completa | Código de barras | Visto por última vez | Precio de reemplazo | Tipo de ítem Koha |
|---|---|---|---|---|---|---|---|---|---|---|---|---|---|---|
| Biblioteca del Ateneo de Madrid | Biblioteca del Ateneo de Madrid | Depósito 2 | 25/04/2018 | L-31968 | 1198769 | 23/02/2023 | 23/02/2023 | Libro impreso |
